000 00449nam a2200193Ia 4500
003 0100
008 130303s9999 xx 000 0 und d
040 _cARRUPELIB
050 _aQH431.H4451972
100 _aHerskowitz, Irwin Herman
245 _aPrinciples of genetics
260 _aNew York
260 _bMacmillan
260 _C1972
300 _ax
300 _b 630 p. ill. 26 cm
700 _aIrwin Herman Herskowitz
942 0 0 _02
999 _c32061
_d32061